• 首页
  • 本馆介绍
  • 公告通知
  • 最新文献
  • 馆藏检索
  • 电子资源
  • 读者导购
  • 参考咨询
  • 我的图书馆
  • 登录
  • 详细信息显示
  • 放入我的书架
  • 预约/预借图书
  • 作者相关作品
  • 分类相关作品
  • 丛书相关作品
  • 出版社相关作品

书目信息

  • 表格格式
  • 工作单格式
  • 卡片格式
题名:
档案复制技术
    
 
作者: 王阜有 , 奚淑娟 编著
分册:  
出版信息: 北京   档案出版社  1991.12
页数: 345页
开本: 19cm
丛书名:
单 册:
中图分类: G273
科图分类:
主题词: 档案复制--专业学校--教材
电子资源:
ISBN: 7-80019-309-8
000 00830nam0 2200253 45
001 0192015676
005 20060810082028.84
010    @a7-80019-309-8@dCNY5.80
100    @a19920528d1991 em y0chiy0121 ea
101 0  @achi
102    @aCN@b110000
105    @ay z 000yy
200 10 @a档案复制技术@ADANG AN FU ZHI JI SHU@f王阜有,奚淑娟编著@FWANG FU YOU , XI SHU JUAN BIAN ZHU
210    @a北京@c档案出版社@d1991.12
215    @a345页@d19cm
300    @a档案专业中专教材
330    @a本书内容分摄影复制光学、重氮型晒图技术、静电复印技术、缩微摄影技术和磁介质音响复制技术五篇。
540 1  @a档案 复制@ADANG AN FU ZHI
606    @a档案复制@x专业学校@x教材
690    @aG273@v三版
701  0 @a王阜有@AWANG FU YOU@4编著
701  0 @a奚淑娟@AXI SHU JUAN@4编著
801  0 @aCN@bTSSF@c20060810
905    @a10447@dG273@e42
    
    档案复制技术/王阜有,奚淑娟编著.-北京:档案出版社,1991.12
    345页;19cm
    档案专业中专教材
    
    ISBN 7-80019-309-8:CNY5.80
    本书内容分摄影复制光学、重氮型晒图技术、静电复印技术、缩微摄影技术和磁介质音响复制技术五篇。
●
相关链接 在E读中查询图书 在五车中查询图书 在当当中查询图书 在豆瓣中查询图书


正题名:档案复制技术     索取号:G273/42         预约/预借

序号 登录号 条形码 馆藏地/架位号 状态 备注
1 0448193   204481934   密集书库/ [索取号:G273/42] 在馆    
2 0448194   204481943   密集书库/ [索取号:G273/42] 在馆    
唐山师范学院图书馆 欢迎您!
大连网信软件有限公司© 版权所有